| 000 | 00959cam a22002298i 4500 | ||
|---|---|---|---|
| 999 |
_c57864 _d57864 |
||
| 001 | 19070744 | ||
| 005 | 20221108164034.0 | ||
| 008 | 160428s2017 nyu b 001 0 eng | ||
| 020 | _a9781138908147 (pbk : alk. paper) X | ||
| 041 | _aeng | ||
| 080 | _a376.2 + 371 L-51 | ||
| 100 | 1 |
_aLeigh, Irene _e _910578 |
|
| 245 | 1 | 0 |
_aDeaf people and society : _bpsychological, sociological and educational perspectives / _cIrene W. Leigh and Jean F. Andrews. |
| 250 | _aSecond edition | ||
| 264 | 1 |
_aNew York : _bRoutledge, _c2017. |
|
| 300 |
_a336 pages ; _bill., _c25 cm. |
||
| 653 | _aყრუ ხალხი და საზოგადოება | ||
| 653 | _aფსიქოლოგიური, სოციოლოგიური და საგანმანათლებლო პერსპექტივები | ||
| 653 | _aპედაგოგიკა | ||
| 700 | 1 |
_aAndrews, Jean F., _eავტორი _910579 |
|
| 942 |
_2udc _cBK |
||